Teban Sventon en Estocolmo / (Registro nro. 8610)
[ vista simple ]
| 000 -LEADER | |
|---|---|
| fixed length control field | 00834nam a22002657a 4500 |
| 001 - CONTROL NUMBER | |
| control field | 0074 |
| 003 - CONTROL NUMBER IDENTIFIER | |
| control field | DO-SdBNP |
| 005 - DATE AND TIME OF LATEST TRANSACTION | |
| control field | 20180223103534.0 |
| 007 - PHYSICAL DESCRIPTION FIXED FIELD--GENERAL INFORMATION | |
| fixed length control field | 0074 |
| 008 - FIXED-LENGTH DATA ELEMENTS--GENERAL INFORMATION | |
| fixed length control field | 151106b sp 1966 spa ||||| |||| 00| 0 spa d |
| 040 ## - CATALOGING SOURCE | |
| Original cataloging agency | BPMSU |
| Language of cataloging | spa |
| Transcribing agency | BPMSU |
| 041 17 - LANGUAGE CODE | |
| Language code of text/sound track or separate title | spa |
| Language code of original | eng |
| 100 10 - MAIN ENTRY--PERSONAL NAME | |
| Personal name | Holmberg, Ake |
| 240 1# - UNIFORM TITLE | |
| Uniform title | <a href="Ture Sventon, privatdetektiv Fortælling.">Ture Sventon, privatdetektiv Fortælling.</a> |
| Language of a work | Español |
| 245 10 - TITLE STATEMENT | |
| Title | Teban Sventon en Estocolmo / |
| Statement of responsibility, etc. | Ake Holmberg ; traducción Mariano Orta Manzano ; ilustración José Correas |
| 260 ## - PUBLICATION, DISTRIBUTION, ETC. (IMPRINT) | |
| Place of publication, distribution, etc. | Barcelona, España : |
| Name of publisher, distributor, etc. | Juventud, |
| Date of publication, distribution, etc. | 1966. |
| 300 ## - PHYSICAL DESCRIPTION | |
| Extent | 149 p. : |
| Other physical details | il. ; |
| Dimensions | 21 cm. |
| 490 1# - SERIES STATEMENT | |
| Series statement | Teban Sventon |
| Volume/sequential designation | 19 |
| 700 10 - ADDED ENTRY--PERSONAL NAME | |
| Personal name | Orta Manzano, Mariano, |
| Relator term | tr. |
| 700 10 - ADDED ENTRY--PERSONAL NAME | |
| Personal name | Correas, José, |
| Relator term | il. |
| 830 #0 - SERIES ADDED ENTRY--UNIFORM TITLE | |
| Uniform title | Teban Sventon |
| Volume number/sequential designation | 19 |
| 942 ## - ADDED ENTRY ELEMENTS (KOHA) | |
| Source of classification or shelving scheme | Dewey Decimal Classification |
| Koha item type | Libros |
| 945 ## - LOCAL PROCESSING INFORMATION (OCLC) | |
| a | Inventariado, 2018 /LP |
| 956 ## - LOCAL ELECTRONIC LOCATION AND ACCESS (OCLC) | |
| Host name | Brenda Tavárez |
| Access number | 10 |
| Compression information | 20151106 |
| Withdrawn status | Lost status | Source of classification or shelving scheme | Damaged status | Not for loan | Collection code | Home library | Current library | Date acquired | Source of acquisition | Total Checkouts | Barcode | Date last seen | Price effective from | Koha item type |
|---|---|---|---|---|---|---|---|---|---|---|---|---|---|---|
| Dewey Decimal Classification | Colección Juvenil General | Biblioteca Pública Metropolitana Salomé Ureña | Biblioteca Pública Metropolitana Salomé Ureña | 11/06/2015 | Fundación Educativa y Cultural (FUNDI) | BPMSU15110138 | 11/06/2015 | 11/06/2015 | Libros |